000 01326cam a2200325 a 4500
999 _c6212
_d6212
001 2089156
003 GZU
005 20210420115554.0
008 950908s1996 nyua b 001 0 eng
010 _a 95041429
020 _a0071142487 (acidfree paper)
020 _a0070241627
040 _aDLC
_cDLC
_dDLC
050 0 0 _aTS156
_b.GRA 1996
100 1 _aGrant, Eugene L.
_q(Eugene Lodewick),
_d1897-1996.
_eauthor
245 1 0 _aStatistical quality control /
_cEugene L. Grant, Richard S. Leavenworth.
250 _a7th edition.
260 _aNew York :
_bMcGraw-Hill Co. Inc.,
_cc1996.
300 _axix, 764 p. :
_bill. ;
_c25 cm. +
_e1 computer disk (3 1/2 in.)
440 0 _aMcGraw-Hill series in industrial engineering and management science
500 _a"International edition"--T.p. verso.
504 _a"Bibliography:" p. 706-712.
504 _aIncludes bibliographical references and indexes.
538 _aSystem requirements for accompanying computer disc: IBM or compatible PC.
650 0 _aQuality control
_xStatistical methods.
700 1 _aLeavenworth, Richard S.
_eauthor
906 _a7
_bcbc
_corignew
_d1
_eocip
_f19
_gy-gencatlg
942 _2lcc
_cBK
_e7th edition
_h156
_iGRA
_kTS